Word Ladder: Guess the Band Quiz Stats

 Plays Quiz Updated Aug 8, 2014

Support Sporcle.
Go Orange.
Score 0/72 Timer 07:00
2 Plays Today
Hint 4-Letter Word % Correct
Connery, Bean, or PennSEAN
90.4%
Bottom of shoeSOLE
89.6%
SkinnyTHIN
89%
Metallic currencyCOIN
88.3%
Apple centerCORE
86.4%
Not nowTHEN
86.1%
Prepare suitcase for tripPACK
85.6%
Chicken apartment houseCOOP
84.2%
Golfer's warningFORE
83.8%
Greater in amountMORE
83.8%
Exchanged for moneySOLD
83.6%
Business org. (abbrev.)CORP
82.1%
Window glassPANE
81.2%
Score less than opponentLOSE
80.9%
____up Truck, 2010PICK
80.7%
Prepare for photoPOSE
79.4%
On the ____, 2013CHIN
78.8%
China's great oneWALL
78.7%
Containing little fatLEAN
78.5%
Robin Williams' alien characterMORK
77.9%
'Mommie Dearest' CrawfordJOAN
77.4%
Sob loudlyWAIL
77.2%
Meld togetherJOIN
77.2%
'Never Gonna Give You Up's' AstleyRICK
76.6%
Thick slice of porkCHOP
76.3%
Bundle of hayBALE
76.3%
♫ THE BAND: Kings of ____LEON
75.2%
ExhibitionSHOW
74.6%
Young male horseCOLT
74.4%
Taper ____ Girl, 2004JEAN
72.6%
To have grasped in handsHELD
72.5%
Ship's cargo spaceHOLD
72.3%
Army foodCHOW
72%
NFL 4th down kickPUNT
72%
Spanish auto makerSEAT
70.7%
Venetian blind partSLAT
70.5%
Hint 4-Letter Word % Correct
____ For Me, 2013WAIT
70.5%
Soft, heavy metal (Pb, #82)LEAD
70.1%
____ Desert, 2008COLD
69.8%
Deride, ridiculeMOCK
69.7%
Sex On ____, 2008FIRE
69.6%
____ Down South, 2010BACK
68%
Narrow openingSLOT
66.4%
Stupid idiotDOLT
65.8%
____ City, 2013ROCK
65.8%
Small and weakPUNY
65.7%
____ Night, So Long, 2004SLOW
65.6%
Archaic form of 'you'THEE
64.8%
Arial, Lucida sans, VerdanaFONT
64.7%
Joe's ____, 2003HEAD
63.9%
HesitateBALK
63.4%
Use ____body, 2008SOME
62.2%
Rate of speedPACE
61.5%
Candid Camera's AllenFUNT
61.4%
Oceanic Flight 815 showLOST
61%
____back Story, 2013COME
60.3%
____ Matter, 2013DON'T
59.6%
Gradually grow faint FADE
59%
Family ____, 2013TREE
58.5%
Unleavened cornbreadPONE
58.5%
Small bunch of flowersPOSY
58.4%
____ Up, 2010PONY
57.3%
Horse's male parent SIRE
55.9%
____ Mile Home, 2013LAST
55.3%
Archaic past tense of 'be'WAST
51.6%
'Smooth Operator' singer AduSADE
50.7%
Prefix meaning 'many'POLY-
49.2%
The ____, 2010FACE
49%
____ Roller Novocaine, 2003HOLY
48.5%
NASCAR driver YarboroughCALE
47.6%
On ____, 2007CALL
47.2%
Beach ____, 2010SIDE
43.6%

Today's Daily Dose

Missing Word
1961 Movies A-Z

Word Ladder
Study Light

Get the Picture
Bread and Butter

You're not logged in!

Compare scores with friends on all Sporcle quizzes.
OR
Log In

From the Vault

Books by T-Shirt

by Darzlat

For everyone out there who likes wearing their favorite characters.
Remove Ads.
Support Sporcle.
Get the best of Sporcle when you Go Orange. This ad-free experience offers more features, more stats, and more fun while also helping to support Sporcle. Thank you for becoming a member.

Show Comments

Extras

Top Quizzes Today


Score Distribution

Your Account Isn't Verified!

In order to create a playlist on Sporcle, you need to verify the email address you used during registration. Go to your Sporcle Settings to finish the process.

Report this User

Report this user for behavior that violates our Community Guidelines.

Details: